• 首页
  • 本馆介绍
  • 公告通知
  • 最新文献
  • 馆藏检索
  • 电子资源
  • 读者导购
  • 参考咨询
  • 我的图书馆
  • 登录
  • 详细信息显示
  • 放入我的书架
  • 预约/预借图书
  • 作者相关作品
  • 分类相关作品
  • 丛书相关作品
  • 出版社相关作品

书目信息

  • 表格格式
  • 工作单格式
  • 卡片格式
题名:
新中国成立前马克思主义传播文献续编
    
 
作者: 王东红 编
分册: 第一册  
出版信息: 上海   上海科学技术文献出版社  2022
页数: 10,11,451页
开本: 26cm
丛书名:
单 册:
中图分类:
科图分类:
主题词: 马列著作--汇编 , 马列著作--汇编
电子资源:
ISBN: 978-7-5439-8301-4
000 00756nam0 2200265 450
001 012054838
005 20231127082752.07
010    @a978-7-5439-8301-4@dCNY904.00
100    @a20221115e2022 em y0chiy50 ea
101 0  @achi
102    @aCN@b310000
105    @ay z 000yy
106    @ar
200 1  @a新中国成立前马克思主义传播文献续编@9xin zhong guo cheng li qian ma ke si zhu yi chuan bo wen xian xu bian@h第一册@f王东红编
205    @a[影印本]
210    @a上海@c上海科学技术文献出版社@d2022
215    @a10,11,451页@d26cm
606 0  @a马列著作@j汇编
606 0  @a马列著作@x汇编
690    @a@v5
690    @a*AA11@v5
690    @aA5@v4
701  0 @a王东红@9wang dong hong@4编
801  0 @aCN@b91MARC@c20221126
905    @dA5@e101:1
    
    新中国成立前马克思主义传播文献续编.第一册/王东红编.-[影印本].-上海:上海科学技术文献出版社,2022
    10,11,451页;26cm
    
    
    ISBN 978-7-5439-8301-4:CNY904.00
    
●
相关链接 在E读中查询图书 在五车中查询图书 在当当中查询图书 在豆瓣中查询图书


正题名:新中国成立前马克思主义传播文献续编     索取号:A5/101:1         预约/预借

序号 登录号 条形码 馆藏地/架位号 状态 备注
1 1411460   214114607   马克思主义文献中心/ [索取号:A5/101:1] 在馆    
唐山师范学院图书馆 欢迎您!
大连网信软件有限公司© 版权所有